• 首页
  • 本馆介绍
  • 公告通知
  • 最新文献
  • 馆藏检索
  • 电子资源
  • 读者导购
  • 参考咨询
  • 我的图书馆
  • 登录
  • 详细信息显示
  • 放入我的书架
  • 预约/预借图书
  • 作者相关作品
  • 分类相关作品
  • 丛书相关作品
  • 出版社相关作品

书目信息

  • 表格格式
  • 工作单格式
  • 卡片格式
题名:
实用皮肤类分治疗学
    
 
作者: 王自彬 编著
分册:  
出版信息: 北京   中国卓越出版公司  1989.08
页数: 320页
开本: 大32开
丛书名:
单 册:
中图分类: R751.01
科图分类:
主题词: 皮肤病学 , 皮炎 , 皮肤病
电子资源:
ISBN: 7-80071-112-9
000 00587nam0 2200205 45
001 9911301546
005 20080923100544.36
010    @a7-80071-112-9@d3.60
100    @a19991130d1989 km y0chiy0120 ea
101    @achi
200 1  @a实用皮肤类分治疗学@AShi Yong Pi Fu Lei Fen Zhi Liao Xue@f王自彬等编著
210    @a北京@c中国卓越出版公司@d1989.08
215    @a320页@c无图表@d大32开
606 0  @a皮肤病学
606 0  @a皮炎
606 0  @a皮肤病
690    @aR751.01@v3
701  0 @a王自彬@Awang zi bin@4编著
801    @aCN@bPerfectUser@c20080923
905    @aBZT@b24280-299@f20@dR751.01@e1
    
    实用皮肤类分治疗学/王自彬等编著.-北京:中国卓越出版公司,1989.08
    320页:无图表;大32开
    
    
    ISBN 7-80071-112-9:3.60
    
●
相关链接 在五车中查询图书 在当当中查询图书 在豆瓣中查询图书


正题名:实用皮肤类分治疗学     索取号:R751.01/1         预约/预借

序号 登录号 条形码 馆藏地/架位号 状态 备注
1 001929   201262515   中心书库中库/ 中库007架B面2列3层6/ [索取号:R751.01/1] 在馆    
2 001931   201262524   中心书库中库/ 中库007架B面2列3层10/ [索取号:R751.01/1] 在馆    
3 001932   201262490   中心书库中库/ 中库007架B面2列3层11/ [索取号:R751.01/1] 在馆    
4 001933   201262506   中心书库中库/ 中库007架B面2列3层12/ [索取号:R751.01/1] 在馆    
5 24282   200579613   中心书库中库/ 中库014架A面6列1层35/ [索取号:R751.01/1] 在馆    
6 24283   200149945   中心书库中库/ 中库014架A面6列1层36/ [索取号:R751.01/1] 在馆    
7 24284   200579472   中心书库中库/ 中库014架A面6列1层39/ [索取号:R751.01/1] 在馆    
8 24286   200579631   中心书库中库/ 中库014架A面6列1层37/ [索取号:R751.01/1] 在馆    
9 24287   200579579   中心书库中库/ 中库014架A面6列1层40/ [索取号:R751.01/1] 在馆    
10 24289   200579597   中心书库中库/ 中库014架A面6列1层34/ [索取号:R751.01/1] 在馆    
11 24290   200579515   中心书库中库/ 中库014架A面6列1层33/ [索取号:R751.01/1] 在馆    
12 24291   200579551   中心书库中库/ 中库014架A面6列1层29/ [索取号:R751.01/1] 在馆    
13 24292   200579490   中心书库中库/ 中库014架A面6列1层32/ [索取号:R751.01/1] 在馆    
14 24293   200579221   中心书库中库/ 中库014架A面6列1层26/ [索取号:R751.01/1] 在馆    
15 24294   200579301   中心书库中库/ 中库014架A面6列1层27/ [索取号:R751.01/1] 在馆    
16 24295   200579249   中心书库中库/ 中库014架A面6列1层41/ [索取号:R751.01/1] 在馆    
17 24296   200579285   中心书库中库/ 中库014架A面6列1层31/ [索取号:R751.01/1] 在馆    
18 24297   200579533   中心书库中库/ 中库014架A面6列1层38/ [索取号:R751.01/1] 在馆    
19 24298   200579588   中心书库中库/ 中库014架A面6列1层28/ [索取号:R751.01/1] 在馆    
山东省滨州职业学院图书馆 欢迎您!
大连网信软件有限公司© 版权所有